书目信息 |
| 题名: |
听觉障碍学生阅读策略及相关干预
|
|
| 作者: | 张茂林 著 | |
| 分册: | ||
| 出版信息: | 南京 南京师范大学出版社 2016.08 |
|
| 页数: | 172页 | |
| 开本: | 24cm | |
| 丛书名: | 特殊群体社会支持书系 | |
| 单 册: | ||
| 中图分类: | G762.2 | |
| 科图分类: | ||
| 主题词: | 听力障碍--学生--阅读教学--研究 | |
| 电子资源: | ||
| ISBN: | 978-7-5651-2788-5 | |
| 000 | 01034oam2 2200265 450 | |
| 001 | 0108153914 | |
| 005 | 20210308154403.0 | |
| 010 | @a978-7-5651-2788-5@dCNY32.00 | |
| 100 | @a20181129d2016 em y0chiy50 ea | |
| 101 | 0 | @achi |
| 102 | @aCN@b320000 | |
| 105 | @ay z 000yy | |
| 106 | @ar | |
| 200 | 1 | @a听觉障碍学生阅读策略及相关干预@Ating jue zhang ai xue sheng yue du ce lue ji xiang guan gan yu@f张茂林著 |
| 210 | @a南京@c南京师范大学出版社@d2016.08 | |
| 215 | @a172页@d24cm | |
| 225 | 2 | @a特殊群体社会支持书系 |
| 300 | @a江苏高校品牌专业建设工程资助项目江苏省高校哲社科优秀创新团队“残疾人专业服务与资源建设研究团队”项目成果南京特殊教育示范学院出版资助项目 | |
| 330 | @a本书包括阅读及阅读的过程、阅读策略及相关研究、听觉障碍学生的阅读及相关研究、听觉障碍学生阅读策略的运用特点及现状等内容。 | |
| 461 | 0 | @12001 @a特殊群体社会支持书系 |
| 606 | 0 | @a听力障碍@x学生@x阅读教学@x研究 |
| 690 | @aG762.2@v5 | |
| 701 | 0 | @a张茂林@Azhang mao lin@4著 |
| 801 | 0 | @aCN@bBJSZM@c20210308 |
| 905 | @b1272827-30@dG762.2@e257@f4 | |
| 听觉障碍学生阅读策略及相关干预/张茂林著.-南京:南京师范大学出版社,2016.08 |
| 172页;24cm.-(特殊群体社会支持书系) |
| 江苏高校品牌专业建设工程资助项目江苏省高校哲社科优秀创新团队“残疾人专业服务与资源建设研究团队”项目成果南京特殊教育示范学院出版资助项目 |
| ISBN 978-7-5651-2788-5:CNY32.00 |
| 本书包括阅读及阅读的过程、阅读策略及相关研究、听觉障碍学生的阅读及相关研究、听觉障碍学生阅读策略的运用特点及现状等内容。 |
| ● |
| 相关链接 |
|
|
|
|
正题名:听觉障碍学生阅读策略及相关干预
索取号:G762.2/257
 
预约/预借
| 序号 | 登录号 | 条形码 | 馆藏地/架位号 | 状态 | 备注 |
| 1 | 1272827 | 212728271 | 第一样本阅览室/ [索取号:G762.2/257] | 在馆 | |
| 2 | 1272828 | 212728280 | 教育系资料室/ [索取号:G762.2/257] | 在馆 | |
| 3 | 1272829 | 212728299 | 教育系资料室/ [索取号:G762.2/257] | 在馆 | |
| 4 | 1272830 | 212728306 | 第四借阅区/ [索取号:G762.2/257] | 在馆 |